000 00501nam a2200193 a 4500
001 1756897995009
003 ACL
005 20250903164457.0
008 250903s2008##################000#0#eng##
020 _a9780571226306
082 0 4 _a780.092
_bPRO
100 1 _aProkofiev, Sergey,
_eauthor.
245 1 0 _aSergey Prokofiev: Diaries, 1915-1922 :
260 _bGardners Books,
_c2008.
300 _a775 pages
650 0 _aBiography & Autobiography.
942 _cENGLISH
040 _aACL
_beng
_cACL
999 _c585218
_d585218